Principles of International Taxation
Gespeichert in:
| 1. Verfasser: | |
|---|---|
| Format: | Buchkapitel |
| Sprache: | Englisch |
| Schlagworte: | |
| Tags: |
Keine Tags, Fügen Sie das erste Tag hinzu!
|
MARC
| LEADER | 00000naa$a2200000$$$4500 | ||
|---|---|---|---|
| 001 | 0268197 | ||
| 005 | 20240502074215.8 | ||
| 041 | 0 | |a eng | |
| 044 | |a SK | ||
| 245 | 1 | 0 | |a Principles of International Taxation |c Jana Simonidesová |
| 500 | |a abstrakt | ||
| 610 | 2 | 0 | |a dane |
| 610 | 2 | 0 | |a zdaňovanie medzinárodné |
| 610 | 2 | 0 | |a systémy daňové |
| 610 | 2 | 0 | |a spravodlivosť daňová |
| 100 | 1 | |a Simonidesová, Jana, 1968- | |